| 000 | 00000nam##2200000za#4500 |
| 001 | 9.607075 |
| 003 | CaOODSP |
| 005 | 20210624212939 |
| 007 | cr ||||||||||| |
| 008 | 150406|2001||||xxc|||||o f|0| 0 fre|d |
| 040 | |aCaOODSP|bfre |
| 043 | |an-cn--- |
| 086 | 1 |aEn163-1/14F-PDF |
| 110 | 1 |aCanada. |bEnvironnement Canada. |bRégion de l'Ontario. |
| 245 | 10|aCadre d'assainissement des lieux contaminés (CALC) - Environnement Canada |h[ressource électronique] |
| 260 | |aDownsview - Ontario : |bEnvironnement Canada. |
| 300 | |a9p.|bfigure, références, tableaux |
| 490 | 1 |aBATs sur les sites contaminés |vBAT #14 |
| 590 | |a14-13-Supp|b2014-06-23 |
| 691 | 07|aLutte contre la pollution|2gcpds |
| 691 | 07|aSystème|2gcpds |
| 775 | 08|tContaminated Sites Remediation Framework (CSRF) - Environment Canada |w(CaOODSP)9.579824 |
| 830 | #0|aBATs sur les sites contaminés ;|vBAT #14|w(CaOODSP)9.504217 |
| 856 | 40|ahttp://publications.gc.ca|qPDF|s77 Ko|uhttps://publications.gc.ca/collections/collection_2014/ec/En163-1-14-fra.pdf|yBAT #14 |